000 00567nam a2200181Ia 4500
008 100920s9999 xx 000 0 und d
082 _b48357
_a891.463.1 थ 80
100 _aपांढरीपांडे विजय.
245 _aपाऊलखुणा.
260 _bराधेय प्रकाशन, नागपूर.
_c1980
300 _a119
_bसाधी
365 _b22
520 _aलघुकथा.
630 _aपाऊलखुणा.
650 _aलघुकथा.
730 _aपाऊलखुणा.
942 _cBOOK
999 _c695344
_d695341